
Library Catalogue

| 000 -LEADER | |
|---|---|
| fixed length control field | 00483nam a22001697a 4500 |
| 005 - DATE AND TIME OF LATEST TRANSACTION | |
| control field | 20260409073440.0 |
| 008 - FIXED-LENGTH DATA ELEMENTS--GENERAL INFORMATION | |
| fixed length control field | 260409b |||||||| |||| 00| 0 eng d |
| 020 ## - INTERNATIONAL STANDARD BOOK NUMBER | |
| International Standard Book Number | 9788194426318 (paperback) |
| 082 ## - DEWEY DECIMAL CLASSIFICATION NUMBER | |
| Classification number | 347.06 TAK |
| 100 ## - MAIN ENTRY--PERSONAL NAME | |
| Personal name | Takwani, C.K. |
| 245 ## - TITLE STATEMENT | |
| Title | Bhartiya sakshya adhiniyam : |
| Remainder of title | law of evidence / |
| Statement of responsibility, etc. | C.K. Takwani. |
| 250 ## - EDITION STATEMENT | |
| Edition statement | 9th |
| 260 ## - PUBLICATION, DISTRIBUTION, ETC. | |
| Place of publication, distribution, etc. | New Delhi; |
| Name of publisher, distributor, etc. | Whytes & Co., |
| Date of publication, distribution, etc. | 2026. |
| 300 ## - PHYSICAL DESCRIPTION | |
| Extent | lxxxix, 892 pages; |
| Dimensions | 24 cm. |
| 365 ## - TRADE PRICE | |
| Price amount | Rs. 1180.00 |
| 942 ## - ADDED ENTRY ELEMENTS (KOHA) | |
| Source of classification or shelving scheme | Dewey Decimal Classification |
| Koha item type | BOOKs |
| Withdrawn status | Lost status | Source of classification or shelving scheme | Materials specified (bound volume or other part) | Damaged status | Not for loan | Home library | Current library | Shelving location | Date acquired | Source of acquisition | Cost, normal purchase price | Total Checkouts | Full call number | Barcode | Date last seen | Price effective from | Koha item type | Public note |
|---|---|---|---|---|---|---|---|---|---|---|---|---|---|---|---|---|---|---|
| Dewey Decimal Classification | PB | . | . | General Stacks | 09.04.2026 | Purchased - MPP House | 1180.00 | 347.06 TAK | 40803 | 09.04.2026 | 09.04.2026 | BOOKs | Recommended by Dr. Nagarathna A |